Nghiên cứu những yếu tố ảnh hưởng đến nhận thức giá trị đạo đức nghề nghiệp của sinh viên ngành giáo dục mầm non trường Đại học Đồng Tháp Báo cáo tổng kết đề tài nghiên cứu khoa học và công nghệ cấp cơ sở. Mã số CS2014.01.26

Đã lưu trong:
书目详细资料
主要作者: Lê, Thị Kim Anh (Chủ nhiệm đề tài)
格式: Luận văn 工具包 图书
出版: Đồng Tháp Trường Đại học Đồng Tháp 2015
主题:
标签: 添加标签
没有标签, 成为第一个标记此记录!
Thư viện lưu trữ: Trung tâm Học liệu Lê Vũ Hùng, Trường Đại học Đồng Tháp
LEADER 01443ppm a22003378a 4500
001 00036165
005 20171026081025.0
008 170215s2015 ||||||Viesd
041 0 # |a Vie 
082 1 4 |b NGH305C  |a 372.12 
100 1 # |a Lê, Thị Kim Anh  |e Chủ nhiệm đề tài 
245 1 0 |b Báo cáo tổng kết đề tài nghiên cứu khoa học và công nghệ cấp cơ sở. Mã số CS2014.01.26  |c Lê Thị Kim Anh (chủ nhiệm đề tài)  |a Nghiên cứu những yếu tố ảnh hưởng đến nhận thức giá trị đạo đức nghề nghiệp của sinh viên ngành giáo dục mầm non trường Đại học Đồng Tháp 
260 # # |b Trường Đại học Đồng Tháp  |c 2015  |a Đồng Tháp 
300 # # |a 59tr. +phụ lục  |c 30 cm.  |e 1 bản tóm tắt 
500 # # |a ĐTTS ghi: Bộ Giáo dục và Đào tạo. Trường Đại học Đồng Tháp 
653 # # |a Mầm non 
653 # # |a Đạo đức 
653 # # |a Đại học Đồng Tháp 
653 # # |a Sinh viên 
653 # # |a Nghiên cứu khoa học 
653 # # |a Nghề nghiệp 
852 # # |b Kho đọc  |j KH.0000038 
852 # # |j KH.0000038 
910 # # |d 15/02/2017 
980 # # |a Trung tâm Học liệu Lê Vũ Hùng, Trường Đại học Đồng Tháp